000 00547nam a2200169Ia 4500
008 100122s9999 xx 000 0 und d
082 _b77799
_a650.1
100 _aलाला आर एम
245 _aद रोमान्स ऑफ टाटा स्टील
250 _a1
260 _c2009
300 _a176
630 _aद रोमान्स ऑफ टाटा स्टील
700 _aढोले विश्राम
730 _aद रोमान्स ऑफ टाटा स्टील
942 _cBOOK
999 _c395197
_d395194